000 01125cam a22003497a 4500
003 CHAP
005 20220817044300.0
008 090713s2006 it rn 00010 eng d
010 _a96515
011 _a97487
020 _a9789251056912
035 _a108155
040 _cCHAP
082 0 4 _a639.2
_bF3y v.369/3
110 2 _aFAO
245 1 0 _aChecklist of the parasites of fishes of Latvia
_c/by Muza Kirjusina and Karlis Vismanis
260 _aRome :
_bFAO,
_c2007
300 _avi, 106 p.
490 0 _aDocumento técnico de pesca
_v; 369/3
590 _aBATCH-UPD
_b10
_c20130110
_lUCH01
_h1010
590 _aBATCH-UPD
_b10
_c20130410
_lUCH01
_h0618
590 _aBATCH-UPD
_b10
_c20130914
_lUCH01
_h1215
590 _aCONVERSION
_b10
_c20130109
_lUCH01
_h1353
650 1 4 _aParásitos
_xNomenclatura.
_985653
650 1 4 _aPeces
_xParásitos.
_986458
700 1 _aKirjusina, Muza
_963336
700 1 _aVismanis, Karlis
_9119990
830 0 0 _aDocumento técnico de pesca
_v; 369/3
_933242
901 _aBK
942 _cLIBRO
949 _a639.2 F3y v.369/3
_bBC
_cFAO
_d33724002074975
_eFAO1
_gDonaciØn
_h110777
_i108155
_sb
999 _c96515
_d96515